| 000 | 00971cam a2200229 4500 | ||
|---|---|---|---|
| 001 | ABS67324 | ||
| 008 | 031205n2003 000 0 eng u | ||
| 035 | _a(Sirsi) u124568 | ||
| 100 | _aOliver, A. | ||
| 245 | _aPolluted land transformed into gold | ||
| 260 | _c2003 | ||
| 490 |
_aEstates Gazette _v0347 22 November 2003, 146-148(3) |
||
| 520 | _aExamines the financial implications of various methods for brownfield decontamination and subsequent development of the site. Discusses the 'silver lining' of brownfield development which is the Land Remediation Tax Relief which was introduced in the Finance Act 2001. Lists availability of the tax relief and entitlements. The relief is due for review in May 2006. | ||
| 590 | _aABS | ||
| 650 | _aLAND REMEDIATION TAX RELIEF | ||
| 650 | _aFINANCE ACT 2001 | ||
| 650 | _aCONTAMINATED LAND | ||
| 650 | _aBROWNFIELD DEVELOPMENT | ||
| 690 | _aPROPERTY-PROPERTY DEVELOPMENT | ||
| 700 | _aButlin, J. | ||
| 942 | _n0 | ||
| 999 |
_c73928 _d73928 |
||